Statystyki dla Największe aglomeracje w Stanach Zjednoczonych

Kliknij tutaj aby rozwiązać quiz!

Ogólne statystyki

  • Ten quiz został rozwiązany 129 razy
  • Średni wynik to 13 z 20

Statystyki odpowiedzi

MiejsceMieszkańcyNazwaStan% Poprawnych
2.12 150 996Aglomeracja Los Angeles–Long Beach–Santa AnaKalifornia
98%
1.18 351 295Aglomeracja Nowy Jork–NewarkNowy Jork, New Jersey, Connecticut, Pensylwania
98%
4.5 502 379Aglomeracja MiamiFloryda
92%
3.8 608 208Aglomeracja ChicagowskaIllinois, Indiana, Wisconsin
91%
13.3 281 212Aglomeracja San Francisco–OaklandKalifornia
87%
8.4 586 770Aglomeracja WaszyngtońskaDystrykt Kolumbii, Wirginia, Maryland
86%
10.4 181 019Aglomeracja BostońskaMassachusetts, New Hampshire, Rhode Island, Connecticut
75%
6.5 121 892Aglomeracja Dallas–Fort Worth–ArlingtonTeksas
73%
7.4 944 332Aglomeracja HoustońskaTeksas
69%
5.5 441 567Aglomeracja FiladelfijskaPensylwania, New Jersey, Delaware, Maryland
66%
14.3 059 393Aglomeracja SeattleWaszyngton
66%
12.3 629 114Aglomeracja Phoenix–MesaArizona
61%
9.4 515 419Aglomeracja AtlanckaGeorgia
59%
11.3 734 090Aglomeracja DetorickaMichigan
57%
15.2 956 746Aglomeracja San DiegoKalifornia
56%
18.2 374 203Aglomeracja Denver–Aurora–LakewoodKolorado
54%
19.2 203 663Aglomeracja BaltimorskaMaryland
28%
17.2 441 770Aglomeracja Tampa–St. PetersburgFloryda
26%
16.2 650 890Aglomeracja Minneapolis–St. PaulMinnesota
24%
20.2 150 706Aglomeracja St. LouisMissouri, Illinois
23%

Rozkład punktacji

Percentyl według liczby udzielonych odpowiedzi

Procent ludzi z każdym wynikiem

Twoja historia wyników

Nie rozwiązałeś tego quizu